[Event "Benasque op 39th"]
[Site "Benasque"]
[Date "2019.07.04"]
[Round "1"]
[White "Rollan Vallejos, Javier"]
[Black "Rasmussen, Allan Stig"]
[Result "0-1"]
[WhiteElo "1959"]
[BlackElo "2569"]
[PlyCount "58"]
[EventDate "2019.07.04"]
[EventType "swiss"]
[EventRounds "10"]
[EventCountry "ESP"]
[SourceTitle "EXT 2020"]
[Source "ChessBase"]
[SourceDate "2019.10.17"]
[SourceVersion "1"]
[SourceVersionDate "2019.10.17"]
[SourceQuality "1"]

1. e4 c6 2. d4 d5 3. exd5 cxd5 4. Bd3 Nc6 5. c3 Qc7 6. Nf3 Bg4 7. Nbd2 e6 8. 0-0 Bd6 9. Qc2 Nge7 10. Re1 0-0-0 11. b4 Kb8 12. b5 Na5 13. a4 Rc8 14. Ba3 Bxa3 15. Rxa3 Bf5 16. Rb1 Qd6 17. Ra2 f6 18. Nb3 Nxb3 19. Rxb3 Bg4 20. Nd2 e5 21. Qb2 Rhe8 22. Rb4 Bf5 23. Bf1 Ng6 24. Nb3 Nf4 25. Nc5 exd4 26. cxd4 Re1 27. Ra1 Rce8 28. Rc1 Ne2+ 29. Kh1 Rxc1 0-1